000 00508nam a2200181Ia 4500
003 OSt
005 20240401102455.0
008 210210b1946 xxu||||| |||| 00| 0 eng d
040 _cAL
041 _akan
082 _a859/1882
100 _aSHARASHCHANDRA CHATARJI
_9156664
_dಶರಶ್ಚಂದ್ರ ಚಟರ್ಜಿ
245 _aShrikanta:
_bಶ್ರೀಕಾಂತ
260 _aDharavada
_bSamaja Pustakalaya
_c1946
690 _aKannada Fiction
_9156665
906 _a022599
942 _2ddc
_cBK
999 _c147061
_d147061